| 000 -LEADER |
| fixed length control field |
00320cam a22001215i 4500 |
| 003 - CONTROL NUMBER IDENTIFIER |
| control field |
OSt |
| 005 - DATE AND TIME OF LATEST TRANSACTION |
| control field |
20260228145656.0 |
| 008 - FIXED-LENGTH DATA ELEMENTS--GENERAL INFORMATION |
| fixed length control field |
250416s2024 ii 000 0 eng |
| 020 ## - INTERNATIONAL STANDARD BOOK NUMBER |
| International Standard Book Number |
9798892222105 |
| 245 00 - TITLE STATEMENT |
| Title |
Chandigarh : |
| Remainder of title |
the backstory & the city it couldn't be / |
| Statement of responsibility, etc |
Vibhor Mohan. |
| 300 ## - PHYSICAL DESCRIPTION |
| Extent |
xi, 286 pages |
| 942 ## - ADDED ENTRY ELEMENTS (KOHA) |
| Source of classification or shelving scheme |
|